|
|
|
|
| LEADER |
00000nam0a2200000 4500 |
| 001 |
157387 |
| 005 |
20231031153745.0 |
| 035 |
|
|
|a (RuTPU)RU\TPU\book\170715
|
| 035 |
|
|
|a RU\TPU\book\170566
|
| 090 |
|
|
|a 157387
|
| 100 |
|
|
|a 20090408d1983 m y0rusy5003 ca
|
| 101 |
1 |
|
|a rus
|c eng
|
| 102 |
|
|
|a RU
|
| 105 |
|
|
|a a z 000ay
|
| 200 |
1 |
|
|a Рукопись Ченселора
|e роман
|e пер. с англ.
|f Р. Ладлэм
|
| 210 |
|
|
|a Москва
|c Воениздат
|d 1983
|
| 215 |
|
|
|a 464 с.
|c ил.
|d 22 см
|
| 333 |
|
|
|a Исключено из фонда НТБ ТПУ
|
| 700 |
|
1 |
|a Ладлэм
|b Р.
|g Роберт
|4 070
|
| 801 |
|
0 |
|a RU
|b RuMRKP
|c 19950417
|g psbo
|
| 801 |
|
1 |
|a RU
|b 63413507
|c 20090406
|g PSBO
|
| 801 |
|
2 |
|a RU
|b 63413507
|c 20170515
|g PSBO
|
| 942 |
|
|
|c BK
|